Brazylijska Serie A 2026 - nagła śmierć - Statystyki

Ogólne statystyki
  • Ten quiz został rozwiązany 23 razy
  • Średni wynik to 5 z 20
Answers on the Grid
Answers color-coded by a green-red scale on the quiz's grid according to % correct below.
CR Vasco da Gama
Moreirense FC
SC Internacional
Fortaleza EC
Santos FC
Chapecoense-SC
Goiás EC
Atlético Mineiro
Athletico Paranaense
Atlético Goianiense
Red Bull Bragantino
CSD Colo-Colo
Avaí FC
Mirassol FC
Cruzeiro EC
Grêmio FBPA
Cuiabá EC
Coritiba FBC
América Mineiro
Criciúma EC
CR Flamengo
Fluminense FC
FC Paços de Ferreira
SE Palmeiras
SC Corinthians Paulista
EC Vitória
Retrô FC Brasil
Botafogo FR
EC Bahia
Clube do Remo
CA Independiente
São Paulo FC
Ceará SC
 
Statystyki odpowiedzi
Odpowiedź % Poprawnych
Fluminense FC
57%
CR Flamengo
50%
Cruzeiro EC
43%
Red Bull Bragantino
43%
São Paulo FC
43%
Botafogo FR
36%
Atlético Mineiro
29%
Santos FC
29%
SE Palmeiras
29%
Athletico Paranaense
21%
CR Vasco da Gama
21%
Grêmio FBPA
21%
SC Internacional
21%
SC Corinthians Paulista
14%
Chapecoense-SC
7%
Coritiba FBC
7%
EC Bahia
7%
Clube do Remo
0%
EC Vitória
0%
Mirassol FC
0%
Nie znaleziono quizów pasujących do podanych kryteriów
Rozkład punktacji
Procent ludzi z każdym wynikiem
Percentyl według liczby udzielonych odpowiedzi
Twoja historia wyników
Nie rozwiązałeś tego quizu